000 00685nam a2200289Ia 4500
005 20260324113314.0
008 008 260324s9999 xx 000 0 eng d
020 _a9781003372141
037 _aEBOOK
040 _aCRL
040 _beng
040 _cCRL
041 _2eng
041 _aeng
084 _qCRL
100 _aStephen Tomsen
_91146244
245 0 _aCrime, Violence and Masculinities
245 0 _bResearch Paths and Understanding
260 _bTaylor and Francis
260 _c2024
365 _a
365 _b220
856 _uhttp://www.taylorfrancis.com/books/9781003372141
942 _cEBOOK
999 _c1735823
_d1735823